Günümüz Bulgaristan Alevîliği: "Ne heybeli ne torbalı"
| Subtitles: | "Ne heybeli ne torbalı" : günümüz Bulgaristan Alevîliği |
|---|---|
| Main Author: | |
| Format: | Print Book |
| Language: | Turkish |
| Subito Delivery Service: | Order now. |
| Check availability: | HBZ Gateway |
| WorldCat: | WorldCat |
| Interlibrary Loan: | Interlibrary Loan for the Fachinformationsdienste (Specialized Information Services in Germany) |
| Published: |
İstanbul
Horasan Yayınları
2005
|
| In: |
Horasan yayınları (8)
Year: 2005 |
| Edition: | 1. baskı |
| Series/Journal: | Horasan yayınları
8 Horasan yayınları / İnceleme, araştırma 7 |
| Standardized Subjects / Keyword chains: | B
Bulgaria
/ Islam
/ Alawites
B Bulgaria / Islam / Bektashism B Bulgaria / Bektashism / Alawites |
| Further subjects: | B
Islamic sects (Bulgaria)
B Alevis (Bulgaria) |
MARC
| LEADER | 00000cam a2200000 c 4500 | ||
|---|---|---|---|
| 001 | 516628313 | ||
| 003 | DE-627 | ||
| 005 | 20251223212122.0 | ||
| 007 | tu | ||
| 008 | 060828s2005 tu ||||| 00| ||tur c | ||
| 010 | |a 2005461621 | ||
| 020 | |a 9759382989 |9 975-93829-8-9 | ||
| 035 | |a (DE-627)516628313 | ||
| 035 | |a (DE-576)9516628311 | ||
| 035 | |a (DE-599)GBV516628313 | ||
| 035 | |a (OCoLC)230769497 | ||
| 040 | |a DE-627 |b ger |c DE-627 |e rakwb | ||
| 041 | |a tur | ||
| 044 | |c XB-TR | ||
| 050 | 0 | |a BP195.A74 | |
| 082 | 0 | |a 200 |q DE-604 |2 22/ger | |
| 084 | |a 6,23 |2 ssgn | ||
| 084 | |a 1 |2 ssgn | ||
| 084 | |a 11.83 |2 bkl | ||
| 100 | 1 | |a Üzüm, İlyas |4 aut | |
| 245 | 1 | 0 | |a Günümüz Bulgaristan Alevîliği |b "Ne heybeli ne torbalı" |c İlyas Üzüm |
| 246 | 3 | 3 | |a "Ne heybeli ne torbalı" : günümüz Bulgaristan Alevîliği |
| 250 | |a 1. baskı | ||
| 264 | 1 | |a İstanbul |b Horasan Yayınları |c 2005 | |
| 300 | |a 184 S |b Tb. | ||
| 336 | |a Text |b txt |2 rdacontent | ||
| 337 | |a ohne Hilfsmittel zu benutzen |b n |2 rdamedia | ||
| 338 | |a Band |b nc |2 rdacarrier | ||
| 490 | 1 | |a Horasan yayınları |v 8 |a İnceleme, araştırma |v 7 | |
| 650 | 0 | |a Alevis |z Bulgaria | |
| 650 | 0 | |a Islamic sects |z Bulgaria | |
| 689 | 0 | 0 | |d g |0 (DE-588)4008866-2 |0 (DE-627)104585226 |0 (DE-576)208878785 |2 gnd |a Bulgarien |
| 689 | 0 | 1 | |d s |0 (DE-588)4027743-4 |0 (DE-627)106283499 |0 (DE-576)20897220X |2 gnd |a Islam |
| 689 | 0 | 2 | |d s |0 (DE-588)4232727-1 |0 (DE-627)104824654 |0 (DE-576)21036629X |2 gnd |a Aleviten |
| 689 | 0 | |5 DE-101 | |
| 689 | 1 | 0 | |d g |0 (DE-588)4008866-2 |0 (DE-627)104585226 |0 (DE-576)208878785 |2 gnd |a Bulgarien |
| 689 | 1 | 1 | |d s |0 (DE-588)4027743-4 |0 (DE-627)106283499 |0 (DE-576)20897220X |2 gnd |a Islam |
| 689 | 1 | 2 | |d s |0 (DE-588)4120989-8 |0 (DE-627)10577247X |0 (DE-576)209539666 |2 gnd |a Bektaschismus |
| 689 | 1 | |5 DE-101 | |
| 689 | 2 | 0 | |d g |0 (DE-588)4008866-2 |0 (DE-627)104585226 |0 (DE-576)208878785 |2 gnd |a Bulgarien |
| 689 | 2 | 1 | |d s |0 (DE-588)4120989-8 |0 (DE-627)10577247X |0 (DE-576)209539666 |2 gnd |a Bektaschismus |
| 689 | 2 | 2 | |d s |0 (DE-588)4232727-1 |0 (DE-627)104824654 |0 (DE-576)21036629X |2 gnd |a Aleviten |
| 689 | 2 | |5 (DE-627) | |
| 830 | 0 | |a Horasan yayınları |v 8 |9 8 |w (DE-627)517955962 |w (DE-576)265067030 |w (DE-600)2252105-7 |7 am | |
| 830 | 0 | |a Horasan yayınları / İnceleme, araştırma |v 7 |9 7 |w (DE-627)517972069 |w (DE-576)265066964 |w (DE-600)2252214-1 |7 am | |
| 935 | |a mteo | ||
| 936 | b | k | |a 11.83 |j Strömungen |j Glaubensrichtungen |x Islam |0 (DE-627)106408399 |
| 951 | |a BO | ||
| ELC | |b 1 | ||
| LOK | |0 000 xxxxxcx a22 zn 4500 | ||
| LOK | |0 001 3722988160 | ||
| LOK | |0 003 DE-627 | ||
| LOK | |0 004 516628313 | ||
| LOK | |0 005 20200710090250 | ||
| LOK | |0 008 200710||||||||||||||||ger||||||| | ||
| LOK | |0 035 |a (DE-Tue135)BVBBV021280014 | ||
| LOK | |0 040 |a DE-Tue135 |c DE-627 |d DE-Tue135 | ||
| LOK | |0 092 |o n | ||
| LOK | |0 852 |a DE-Tue135 | ||
| LOK | |0 852 1 |9 00 | ||
| LOK | |0 935 |a bsbo | ||
| LOK | |0 939 |a 10-07-20 |b l01 | ||
| ORI | |a SA-MARC-ixtheoa001.raw | ||
| REL | |a 1 | ||
| STA | 0 | 0 | |a Alawites,Alevites,Bektashism,Alevism-Bektashism,Kizilbaş-Alevites,Bulgaria,Bulgarian Empire,Islam,Islam |
| STB | 0 | 0 | |a Alévites,Bektashisme,Islam,Islam |
| STC | 0 | 0 | |a Aleviés,Bektashismo,Islam,Islam |
| STD | 0 | 0 | |a Aleviti,Bektashismo,Islam,Islam |
| STE | 0 | 0 | |a 伊斯兰教,伊斯兰教,回教,回教,拜克塔什教团,阿拉维派,努赛里耶派 |
| STF | 0 | 0 | |a 伊斯蘭教,伊斯蘭教,回教,回教,拜克塔什教團,阿拉維派,努賽里耶派 |
| STG | 0 | 0 | |a Alevitas,Bektashismo,Islã,Islã |
| STH | 0 | 0 | |a Алевиты,Бекташизм,Ислам (мотив),Ислам |
| STI | 0 | 0 | |a Αλεβίτες,Ισλάμ (μοτίβο),Ισλάμ,Μπεκτασισμός |
| SUB | |a REL | ||
| SYG | 0 | 0 | |a Republik Bulgarien,Bulgaria,Bulgarisches Reich,Bălgarija,NRB,RB,Bulgaristan,Carstvo Bălgarija,Bolgarskoe Knjažestvo,Knjažestvo Bolgarskoe,Narodna Republika Bălgarija,Republika Bălgarija,Royaume de Bulgarie,Principauté de Bulgarie,Volksrepublik Bulgarien,Königreich Bulgarien,Bălgarsko Knjažestvo,Narodnaja Respublika Bolgarija,Bulgarya,Republic of Bulgaria,Peoples Republic of Bulgaria,Bolgarija,VR Bulgarien,NRB,RP de la Bulgarie,Bulgarija,RB,Bŭlgarija,Bulgarie,Bułgaria,Bulharsko,Bulharsko , Islam , Alewiten,Alevis,Alewis , Republik Bulgarien,Bulgaria,Bulgarisches Reich,Bălgarija,NRB,RB,Bulgaristan,Carstvo Bălgarija,Bolgarskoe Knjažestvo,Knjažestvo Bolgarskoe,Narodna Republika Bălgarija,Republika Bălgarija,Royaume de Bulgarie,Principauté de Bulgarie,Volksrepublik Bulgarien,Königreich Bulgarien,Bălgarsko Knjažestvo,Narodnaja Respublika Bolgarija,Bulgarya,Republic of Bulgaria,Peoples Republic of Bulgaria,Bolgarija,VR Bulgarien,NRB,RP de la Bulgarie,Bulgarija,RB,Bŭlgarija,Bulgarie,Bułgaria,Bulharsko,Bulharsko , Islam , Alevismus-Bektaschismus,Kizilbaş-Aleviten,Bektaschitum,Alevismus,Alevilik,Bektaşîlik , Republik Bulgarien,Bulgaria,Bulgarisches Reich,Bălgarija,NRB,RB,Bulgaristan,Carstvo Bălgarija,Bolgarskoe Knjažestvo,Knjažestvo Bolgarskoe,Narodna Republika Bălgarija,Republika Bălgarija,Royaume de Bulgarie,Principauté de Bulgarie,Volksrepublik Bulgarien,Königreich Bulgarien,Bălgarsko Knjažestvo,Narodnaja Respublika Bolgarija,Bulgarya,Republic of Bulgaria,Peoples Republic of Bulgaria,Bolgarija,VR Bulgarien,NRB,RP de la Bulgarie,Bulgarija,RB,Bŭlgarija,Bulgarie,Bułgaria,Bulharsko,Bulharsko , Alevismus-Bektaschismus,Kizilbaş-Aleviten,Bektaschitum,Alevismus,Alevilik,Bektaşîlik , Alewiten,Alevis,Alewis |
| TIM | |a 100018780101_100020261231 |b 1878 - 2026 | ||



